| 000 | 00473nam a2200181Ia 4500 | ||
|---|---|---|---|
| 008 | 230524s9999 xx 000 0 und d | ||
| 020 | _a8188429945 | ||
| 082 |
_a4.133 _bVAR |
||
| 100 | _aG.P.Saradhi Varma | ||
| 245 | 0 | _aTheory of Computation: Formal Languages & Automata Theory | |
| 250 | _a4TH | ||
| 260 |
_aBHUBANESWAR _bScitech _c2009 |
||
| 300 | _aVI;11.13 | ||
| 500 | _aQuantity Number: 10 | ||
| 650 | _aComp-Sc | ||
| 700 | _a B.Thirupathi Rao | ||
| 942 | _cBK | ||
| 999 |
_c46468 _d46468 |
||